LIBRARY & INFORMATION CENTRE, KCAET, TAVANUR

ONLINE PUBLIC ACCESS CATALOGUE (OPAC)

Crop science and land use for food and bioenergy (Record no. 13728)

MARC details
000 -LEADER
fixed length control field 00386nam a22001577a 4500
020 ## - INTERNATIONAL STANDARD BOOK NUMBER
ISBN 9788190430982
082 ## - DEWEY DECIMAL CLASSIFICATION NUMBER
Classification number 665.776
Item number BEH/CR
245 ## - TITLE STATEMENT
Title Crop science and land use for food and bioenergy
260 ## - PUBLICATION, DISTRIBUTION, ETC. (IMPRINT)
Place of publication Jodhpur
Name of publisher Agrobios (International)
Year of publication 2010
300 ## - PHYSICAL DESCRIPTION
Number of Pages 476p
700 ## - ADDED ENTRY--PERSONAL NAME
Personal name Behl, R.K
700 ## - ADDED ENTRY--PERSONAL NAME
Personal name Merbach, W
700 ## - ADDED ENTRY--PERSONAL NAME
Personal name Meliczek, H
700 ## - ADDED ENTRY--PERSONAL NAME
Personal name Kaetsch, C
942 ## - ADDED ENTRY ELEMENTS (KOHA)
Koha item type Books
Holdings
Withdrawn status Lost status Damaged status Collection code Home library Current library Shelving location Date acquired Source of acquisition Cost, normal purchase price Full call number Accession Number Koha item type
      Non-fiction KAUAET KAUAET General Stacks 31/03/2012 International Books and periodical supply service, New Delhi 2500.00 665.776 BEH/CR 23535 Books
free website counter